=LDR 00000nam 2200000 4500 =001 INLIS000000000057608 =005 20210319023657 =035 ##$$a 0010-0321000039 =007 ta =008 210319###########################0#ind## =020 ##$$a 979-8590-39-2 =082 ##$$a 297.9 =084 ##$$a 297.9- Abi r =245 1#$$a Rahasia di balik Tujuh Nama Hari /$c Sykh Abi Nasrun Muhammad Bin Abdurrahman Al-Hamdany =250 ##$$a cet 5 =300 ##$$a xvii,250 halaman ; $c 18 Cm. =700 #$$a Alih Bahasa, Insaini Fuad =740 ##$$a As-Sab'iyyatu fi Ma'idil Hirriyat =264 ##$$a jakarta :$b Radar Jaya Offset,$c 2010 =336 ##$$a teks$2 rdacontent =337 ##$$a lain-lain$2 rdamedia =338 ##$$a lain-lain$2 rdacarrier =990 ##$$a 01300130